Myxobaktérie ve vodách = Miksobakterii v vodach = Myxobacteria in Waters /

Hlavní autor: Lecianová, Liana
Korporativní autor: Výzkumný ústav vodohospodářský
Jazyk: Čeština
Vydáno: Praha : Státní zemědělské nakladatelství, 1987
Vydání: 1. vyd.
Edice: Práce a studie
Témata:
Fyzický popis: 119 s., 7 s. obr. příl. : il., tb., grafy ; 20 cm
Language note: AQnglické a ruské resumé
Knihy
Uloženo v:
LEADER 01252nam a22003732a 4500
001 000836869
003 CZ BrMZK
005 20070108105352.0
007 ta
008 070108s1987 xr af er|||||||||||cze d
015 |a cnb000035082 
035 |a (OCoLC)39412210 
040 |a ABA001  |b cze  |d BOA001 
080 9 |a 574.5 
080 9 |a 579.82 
100 1 |a Lecianová, Liana  |4 aut 
245 1 0 |a Myxobaktérie ve vodách =  |b Miksobakterii v vodach = Myxobacteria in Waters /  |c Liana Lecinová 
246 3 1 |a Miksobakterii v vodach 
246 3 1 |a Myxobacteria in Waters 
250 |a 1. vyd. 
260 |a Praha :  |b Státní zemědělské nakladatelství,  |c 1987 
300 |a 119 s., 7 s. obr. příl. :  |b il., tb., grafy ;  |c 20 cm 
490 1 |a Práce a studie ;  |v seš. 170 
550 |a Vydavatel: Výzkumný ústav vodohospodářský 
504 |a Obsahuje bibliografii 
546 |a AQnglické a ruské resumé 
500 |a 200 výt. 
710 2 |a Výzkumný ústav vodohospodářský  |7 ko2003192677 
830 0 |a Práce a studie 
910 |a BOA001  |b 2-0922.720 
964 |a Myxobakterie - vodní prostředí 
990 |a BK 
991 |b 200701 
996 6 |b 2619298597  |c 2-0922.720  |l MZK  |r Sklad / do 1 hodiny  |n 1  |w 000836869  |u 000010  |a 1  |e BOA001  |j MZK50  |s P